[Event "Amager Aabne Klubmesterskab 2014"]
[Site "Sundbyoster"]
[Date "2014.03.18"]
[Round "5"]
[White "Madsen, Michael Leerberg"]
[Black "Petersen, Christian Skibsted"]
[Result "0-1"]
[WhiteElo "1162"]
[BlackElo "1522"]
[PlyCount "30"]
[EventDate "2014.??.??"]

1. d4 Nf6 2. c4 e5 3. d5 Bc5 4. Nc3 a6 5. e4 d6 6. Be2 Nbd7 7. Bg4 O-O 8. Bxd7
Bxd7 9. Nge2 Ng4 10. O-O Qh4 11. h3 Nxf2 12. Rxf2 Qxf2+ 13. Kh1 f5 14. Bd2 f4
15. Qc2 f3 0-1

[Event "Amager Aabne Klubmesterskab 2014"]
[Site "Sundbyoster"]
[Date "2014.03.18"]
[Round "5"]
[White "Nielsen, Bjorn"]
[Black "Tronning, Mark Philip"]
[Result "0-1"]
[WhiteElo "1081"]
[BlackElo "1341"]
[PlyCount "106"]
[EventDate "2014.??.??"]

1. d4 Nf6 2. Nc3 d5 3. Nf3 Bf5 4. e3 e6 5. Be2 c5 6. dxc5 Bxc5 7. O-O Nc6 8.
Nh4 Bg6 9. Nxg6 hxg6 10. b3 Qc7 11. f4 O-O-O 12. Bg4 d4 13. Na4 dxe3 14. Qe2
Nxg4 15. h3 Bd6 16. Bxe3 Nxe3 17. Qxe3 Rh4 18. Rf3 Rxf4 19. Raf1 Rxf3 20. Qxf3
Bh2+ 21. Kh1 Be5 22. Nc5 Nd4 23. Qxf7 Qxc5 24. c4 g5 25. Qf2 Qc6 26. Kg1 Qc5
27. Kh1 Qb6 28. Qg1 Nf5 29. Qxb6 axb6 30. g4 Ng3+ 31. Kg1 Nxf1 32. Kxf1 Rd2 33.
a4 Rb2 34. b4 Rxb4 35. Ke2 Rxc4 36. Kd3 Rxa4 37. Ke3 Ra3+ 38. Ke4 Bf4 39. Kd4
Rxh3 40. Ke4 Rg3 41. Kd4 Rxg4 42. Kc4 e5 43. Kd5 b5 44. Ke6 e4 45. Kf7 e3 46.
Kxg7 e2 47. Kf6 e1=Q 48. Kf5 Qe2 49. Kf6 Qe5+ 50. Kf7 Rh4 51. Kg6 Qe6+ 52. Kg7
Be5+ 53. Kf8 Rh8# 0-1

[Event "Amager Aabne Klubmesterskab 2014"]
[Site "Sundbyoster"]
[Date "2014.03.18"]
[Round "5"]
[White "Nielsen, Jan Mose"]
[Black "Jensen, Thore Nyboe"]
[Result "1-0"]
[WhiteElo "2059"]
[BlackElo "1956"]
[PlyCount "91"]
[EventDate "2014.??.??"]

1. e4 c5 2. d4 cxd4 3. c3 dxc3 4. Nxc3 b6 5. Bc4 e6 6. Nf3 d6 7. O-O Ne7 8. Bg5
Qd7 9. Rc1 Nbc6 10. Qe2 h6 11. Be3 Bb7 12. Rfd1 Ng6 13. h4 Be7 14. Bb5 a6 15.
Bxc6 Bxc6 16. h5 Nf8 17. Ne5 dxe5 18. Rxd7 Nxd7 19. Qc4 Rc8 20. Qxa6 O-O 21.
Qe2 Nc5 22. Qg4 Kh8 23. Rd1 b5 24. b4 Nb7 25. a3 Nd6 26. Bc5 Rfd8 27. Qe2 Rb8
28. f3 Kg8 29. Rd3 Kf8 30. Qd1 Nb7 31. Bb6 Rdc8 32. Kh2 Ra8 33. Kh3 Rxa3 34.
Nxb5 Rxd3 35. Qxd3 Bxb5 36. Qxb5 Nd6 37. Qa6 Rc2 38. Bc5 Ne8 39. Bxe7+ Kxe7 40.
b5 Nd6 41. b6 f5 42. Qa7+ Kf6 43. b7 Nxb7 44. Qxb7 Rd2 45. exf5 exf5 46. Qc6+
1-0

[Event "Amager Aabne Klubmesterskab 2014"]
[Site "Sundbyoster"]
[Date "2014.03.18"]
[Round "5"]
[White "Oftedal, Simon Manuel"]
[Black "Gram, Mathias Laerkegaard"]
[Result "0-1"]
[WhiteElo "1389"]
[BlackElo "1501"]
[PlyCount "58"]
[EventDate "2014.??.??"]

1. e4 c5 2. Nf3 d6 3. d4 cxd4 4. Nxd4 Nf6 5. Nc3 Nc6 6. Bg5 e6 7. Ndb5 a6 8.
Bxf6 gxf6 9. Nd4 Bd7 10. Bc4 Qb6 11. Nce2 Rc8 12. Bb3 Ke7 13. c3 Na5 14. Nf4
Nxb3 15. Nxb3 Bh6 16. Qf3 Rhg8 17. Nh5 Rg6 18. Nf4 Bxf4 19. Qxf4 Rxg2 20. O-O-O
e5 21. Qd2 Bg4 22. Rhg1 Rxf2 23. Qxd6+ Qxd6 24. Rxd6 Kxd6 25. Rxg4 Rxh2 26. Rg7
Ke6 27. Nd2 h5 28. Rh7 Rg8 29. Kc2 Rgg2 0-1

[Event "Amager Aabne Klubmesterskab 2014"]
[Site "Sundbyoster"]
[Date "2014.03.18"]
[Round "5"]
[White "Petersen, Albert Emil Lyng"]
[Black "Svensson, John Michael"]
[Result "1-0"]
[WhiteElo "1463"]
[BlackElo "1563"]
[PlyCount "41"]
[EventDate "2014.??.??"]

1. e4 d6 2. d4 Nf6 3. Nc3 c6 4. f4 Qb6 5. Nf3 Bg4 6. Be3 Qxb2 7. Na4 Qb4+ 8. c3
Qa5 9. Qb3 Qc7 10. Ng5 d5 11. e5 Nfd7 12. h3 Bf5 13. g4 Be4 14. Nxe4 dxe4 15.
Bg2 b5 16. Nb2 a5 17. Bxe4 Na6 18. e6 fxe6 19. Qxe6 Rc8 20. Bf5 Rd8 21. Bg6+
1-0

[Event "Amager Aabne Klubmesterskab 2014"]
[Site "Sundbyoster"]
[Date "2014.03.18"]
[Round "5"]
[White "Sdun, Martin Ulrik"]
[Black "Brorsen, Kristian"]
[Result "1-0"]
[WhiteElo "1200"]
[BlackElo "1225"]
[PlyCount "93"]
[EventDate "2014.??.??"]

1. d4 d5 2. Nf3 Nf6 3. Bf4 Nc6 4. e3 Bf5 5. c3 e6 6. Qb3 Na5 7. Qa4+ c6 8. b4
Nc4 9. Bxc4 dxc4 10. b5 Qd5 11. bxc6 b5 12. Qa6 Bd6 13. Bxd6 Qxd6 14. Qxb5 O-O
15. Nbd2 Rac8 16. Nxc4 Qxc6 17. Qxc6 Rxc6 18. Nfe5 Rc7 19. O-O Nd5 20. Nd6 f6
21. Nxf5 exf5 22. Nd3 Rxc3 23. Rfd1 Nb6 24. Rac1 Na4 25. Nc5 Ra3 26. Nxa4 Rxa4
27. Rc2 Rb8 28. Rdc1 Rab4 29. Kf1 Rb2 30. Rc8+ Rxc8 31. Rxc8+ Kf7 32. Rc7+ Kg6
33. Rxa7 Rb1+ 34. Ke2 Rb2+ 35. Kf3 Kh6 36. a4 g5 37. h3 Kg6 38. g4 h6 39. gxf5+
Kxf5 40. e4+ Kg6 41. a5 Rb3+ 42. Kg2 Kh5 43. a6 Rb4 44. e5 fxe5 45. dxe5 Rb5
46. Ra8 Kg6 47. a7 1-0

[Event "Amager Aabne Klubmesterskab 2014"]
[Site "Sundbyoster"]
[Date "2014.03.18"]
[Round "5"]
[White "Severinsen, Frank"]
[Black "Stanislaus, Johann"]
[Result "0-1"]
[WhiteElo "1240"]
[BlackElo "1651"]
[PlyCount "114"]
[EventDate "2014.??.??"]

1. e4 c5 2. Nc3 g6 3. f4 Bg7 4. Nf3 Nc6 5. Bc4 e6 6. Nb5 Bf8 7. e5 d5 8. exd6
Bxd6 9. Nxd6+ Qxd6 10. d3 Bd7 11. O-O Nge7 12. Ng5 Na5 13. Ne4 Qd4+ 14. Kh1
Nxc4 15. c3 Qg7 16. dxc4 O-O-O 17. Nxc5 Bc6 18. Qe2 Nf5 19. Kg1 Rhe8 20. b4
Qxc3 21. Bb2 Qxb4 22. Ne4 Bxe4 23. a3 Qc5+ 24. Kh1 Bd3 25. Qf3 Bxf1 26. Rxf1
Ne3 27. Rb1 Rd7 28. Be5 Nxc4 29. Rc1 Qc6 30. Qb3 b5 31. h4 Kb7 32. a4 a6 33.
axb5 axb5 34. Kh2 Rd2 35. Rg1 Nxe5 36. fxe5 Red8 37. Qb4 Qc4 38. Qe7+ R8d7 39.
Qf6 R2d4 40. g3 Rd2+ 41. Kh3 h5 42. Qf3+ Qd5 43. Qf4 Qd3 44. Rf1 Qf5+ 45. Qxf5
gxf5 46. Rb1 Kb6 47. Rc1 Re2 48. Rc3 Rdd2 49. g4 fxg4+ 50. Kg3 Rxe5 51. Kf4 f6
52. Kg3 Rd4 53. Rb3 f5 54. Rc3 f4+ 55. Kf2 Rd2+ 56. Kf1 Ree2 57. Kg1 Re1# 0-1

[Event "Amager Aabne Klubmesterskab 2014"]
[Site "Sundbyoster"]
[Date "2014.03.25"]
[Round "6"]
[White "Gade, Jens"]
[Black "Petersen, Albert Emil Lyng"]
[Result "1-0"]
[WhiteElo "1320"]
[BlackElo "1463"]
[PlyCount "59"]
[EventDate "2014.??.??"]

1. f4 d5 2. Nf3 c5 3. e3 Nc6 4. b3 Bg4 5. Bb2 e6 6. Be2 Nf6 7. O-O a6 8. d3 Be7
9. Nbd2 b5 10. Ne5 Bxe2 11. Qxe2 Nxe5 12. fxe5 Nd7 13. d4 c4 14. c3 Rb8 15. b4
Bg5 16. Nf3 Bh6 17. e4 Nb6 18. Bc1 Bxc1 19. Raxc1 O-O 20. a3 dxe4 21. Nd2 Nd5
22. Nxe4 Qh4 23. Nd6 Nf4 24. Qe4 g5 25. Rf3 Ng6 26. Rcf1 Qxe4 27. Nxe4 g4 28.
Rg3 f5 29. exf6 h5 30. h3 1-0

[Event "Amager Aabne Klubmesterskab 2014"]
[Site "Sundbyoster"]
[Date "2014.03.25"]
[Round "6"]
[White "Gram, Mathias Laerkegaard"]
[Black "Lontoft, Sven"]
[Result "0-1"]
[WhiteElo "1501"]
[BlackElo "1757"]
[PlyCount "60"]
[EventDate "2014.??.??"]

1. e4 d5 2. exd5 Qxd5 3. Nc3 Qa5 4. g3 c6 5. Bg2 e5 6. d3 Nf6 7. Bd2 Qc7 8.
Nge2 Bc5 9. h3 O-O 10. O-O Be6 11. Kh2 Nbd7 12. f4 Rad8 13. fxe5 Nxe5 14. Bf4
Bd6 15. Ne4 Nxe4 16. Bxe4 f5 17. Bg2 Ng6 18. Qd2 Qf7 19. Bxd6 Rxd6 20. Qb4 Qd7
21. Rae1 Bd5 22. Bxd5+ Rxd5 23. Qb3 Kh8 24. Nf4 Nxf4 25. Rxf4 Re8 26. Rxe8+
Qxe8 27. Qxb7 Qe2+ 28. Kg1 Qe1+ 29. Kg2 Re5 30. Rf1 Re2+ 0-1

[Event "Amager Aabne Klubmesterskab 2014"]
[Site "Sundbyoster"]
[Date "2014.03.25"]
[Round "6"]
[White "Jensen, Thore Nyboe"]
[Black "Petersen, Christian Skibsted"]
[Result "1-0"]
[WhiteElo "1956"]
[BlackElo "1522"]
[PlyCount "53"]
[EventDate "2014.??.??"]

1. d4 e6 2. e4 d5 3. Nc3 Nf6 4. e5 Nfd7 5. Nce2 c5 6. c3 Nc6 7. Nf3 b6 8. Nf4
Be7 9. Be3 O-O 10. Bd3 cxd4 11. cxd4 Nb4 12. Bb1 Ba6 13. a3 Nc6 14. Qc2 g6 15.
Qxc6 Rc8 16. Qa4 Bc4 17. Qd1 a5 18. Bd3 b5 19. b3 Bxd3 20. Qxd3 Qb6 21. O-O f5
22. h4 Rb8 23. Rfc1 Kf7 24. Rc2 h6 25. Rac1 Bxh4 26. Rc6 Qd8 27. Nxe6 1-0

[Event "Amager Aabne Klubmesterskab 2014"]
[Site "Sundbyoster"]
[Date "2014.03.25"]
[Round "6"]
[White "Petersen, Nils"]
[Black "Nielsen, Jan Mose"]
[Result "0-1"]
[WhiteElo "1852"]
[BlackElo "2059"]
[PlyCount "28"]
[EventDate "2014.??.??"]

1. c4 e5 2. g3 d5 3. cxd5 c6 4. Bg2 Nf6 5. d3 Bc5 6. e3 Nxd5 7. a3 a5 8. Ne2
O-O 9. O-O Be6 10. d4 Bd6 11. e4 Nf6 12. Nbc3 Qc8 13. f3 Rd8 14. dxe5 Bc5+ 0-1

[Event "Amager Aabne Klubmesterskab 2014"]
[Site "Sundbyoster"]
[Date "2014.03.25"]
[Round "6"]
[White "Sdun, Martin Ulrik"]
[Black "Yazdanyar, Daryousch"]
[Result "0-1"]
[WhiteElo "1200"]
[BlackElo "1200"]
[PlyCount "56"]
[EventDate "2014.??.??"]

1. d4 d5 2. Nf3 Nf6 3. Bf4 e6 4. e3 Nbd7 5. c3 a6 6. Bd3 c5 7. Nbd2 Nh5 8. Bg3
Nxg3 9. hxg3 Nf6 10. Ne5 Bd6 11. Ndf3 Bd7 12. b3 cxd4 13. cxd4 Qa5+ 14. Ke2 Rc8
15. Ng5 Ne4 16. Nxe4 dxe4 17. Bxe4 Bxe5 18. dxe5 Qxe5 19. Bd3 Bc6 20. Rc1 Rd8
21. Qd2 Bxg2 22. Rh2 Be4 23. Rc3 Qf5 24. f4 Qg4+ 25. Ke1 Qxg3+ 26. Kd1 Qg1+ 27.
Kc2 Qg6 28. Rg2 Qxg2 0-1

[Event "Amager Aabne Klubmesterskab 2014"]
[Site "Sundbyoster"]
[Date "2014.03.25"]
[Round "6"]
[White "Stanislaus, Johann"]
[Black "Oftedal, Simon Manuel"]
[Result "0-1"]
[WhiteElo "1651"]
[BlackElo "1389"]
[PlyCount "40"]
[EventDate "2014.??.??"]

1. d4 Nf6 2. c4 g6 3. Nc3 Bg7 4. e4 d6 5. Nf3 O-O 6. Be2 e5 7. d5 Nbd7 8. Rb1
Ne8 9. O-O f5 10. b4 f4 11. a4 g5 12. h3 Ndf6 13. Ba3 h5 14. Ne1 Rf7 15. c5 g4
16. hxg4 hxg4 17. g3 f3 18. Bxf3 gxf3 19. Nxf3 Bg4 20. Qd3 Nxe4 0-1

[Event "Amager Aabne Klubmesterskab 2014"]
[Site "Sundbyoster"]
[Date "2014.03.25"]
[Round "6"]
[White "Svensson, John Michael"]
[Black "Nielsen, Bjorn"]
[Result "1-0"]
[WhiteElo "1563"]
[BlackElo "1081"]
[PlyCount "165"]
[EventDate "2014.??.??"]

1. d4 Nf6 2. Nf3 g6 3. g3 Bg7 4. Bg2 O-O 5. c3 e6 6. Bg5 d5 7. Na3 Bd7 8. Qb3
Bc6 9. O-O a6 10. Nc2 Nbd7 11. Ne5 Qc8 12. Nxd7 Qxd7 13. Rad1 Rab8 14. Nb4 Ba4
15. Qa3 Bxd1 16. Rxd1 Ne4 17. Bf4 Nd6 18. Nd3 Nc4 19. Nc5 Qc6 20. Qb4 a5 21.
Qb3 Nd6 22. Qc2 b6 23. Nd3 Rbc8 24. Ne5 Qe8 25. Ng4 Kh8 26. Qd2 Nf5 27. Re1 Qd7
28. Ne5 Bxe5 29. Bxe5+ f6 30. Bf4 Rf7 31. e4 dxe4 32. Bxe4 Rd8 33. Qc1 Nd6 34.
Bf3 Qe8 35. Kg2 Re7 36. h4 Qf7 37. Bc6 Nc8 38. Qc2 Nd6 39. b3 Nf5 40. Qe2 Ng7
41. Bf3 Nf5 42. h5 g5 43. Bc1 h6 44. Be4 Ree8 45. Bc6 Rg8 46. g4 Nh4+ 47. Kh3
f5 48. Qe5+ Rg7 49. Be3 fxg4+ 50. Kxg4 Qf5+ 51. Qxf5 exf5+ 52. Kh3 Re7 53. d5
Kg8 54. Rg1 Nf3 55. Rg3 Ne5 56. Bb7 f4 57. Bxf4 Nf7 58. Bc6 Nd6 59. c4 Kh7 60.
Be3 Re4 61. Kg2 Rf8 62. c5 bxc5 63. Bxc5 Re2 64. a3 Ne4 65. Bxf8 Rxf2+ 66. Kh3
Rxf8 67. Re3 Rf4 68. b4 axb4 69. axb4 Rh4+ 70. Kg2 Nd6 71. Re7+ Kg8 72. Rxc7
Rxh5 73. b5 Rh4 74. b6 h5 75. b7 Nxb7 76. Rxb7 Rg4+ 77. Kf3 Rf4+ 78. Ke3 h4 79.
d6 h3 80. d7 h2 81. d8=Q+ Rf8 82. Qxg5+ Kh8 83. Qg7# 1-0

[Event "Amager Aabne Klubmesterskab 2014"]
[Site "Sundbyoster"]
[Date "2014.03.25"]
[Round "6"]
[White "Tronning, Mark Philip"]
[Black "Sorensen, Johnny"]
[Result "1-0"]
[WhiteElo "1341"]
[BlackElo "1300"]
[PlyCount "71"]
[EventDate "2014.??.??"]

1. e4 d6 2. g3 Nf6 3. Bg2 g6 4. Nc3 c6 5. d3 Bg7 6. Nge2 e5 7. O-O Be6 8. Be3
Nbd7 9. f4 Ng4 10. Bf2 Nxf2 11. Rxf2 Qb6 12. Kf1 Nf6 13. f5 Ng4 14. Qe1 Nxf2
15. fxe6 fxe6 16. Qxf2 Rf8 17. Bf3 Qc7 18. Kg2 O-O-O 19. Qxa7 Kd7 20. Qe3 Rf6
21. Rf1 Rdf8 22. Na4 c5 23. Nec3 Qc6 24. b3 b5 25. Nb2 b4 26. Nca4 R8f7 27. Nc4
Ke7 28. Rf2 Qe8 29. Nxe5 dxe5 30. Qxc5+ Kd8 31. Qxb4 Rc7 32. Bd1 Bf8 33. Qb8+
Rc8 34. Qxe5 Rxf2+ 35. Kxf2 Qf7+ 36. Kg2 1-0

[Event "Amager Aabne Klubmesterskab 2014"]
[Site "Sundbyoster"]
[Date "2014.04.08"]
[Round "7"]
[White "Kinch, Peder"]
[Black "Petersen, Nils"]
[Result "0-1"]
[WhiteElo "1222"]
[BlackElo "1852"]
[PlyCount "65"]
[EventDate "2014.??.??"]

1. f4 c5 2. c4 Nc6 3. e3 e6 4. Nf3 Nf6 5. b3 Be7 6. Bb2 O-O 7. Be2 Ne4 8. O-O
Bf6 9. Ne5 d6 10. Nxc6 bxc6 11. Qc2 Bxb2 12. Qxb2 Qf6 13. Qxf6 Nxf6 14. d3 Bb7
15. Nd2 a5 16. a4 Rac8 17. Rac1 Rfd8 18. e4 Rc7 19. Bf3 Nd7 20. Rfe1 e5 21. f5
f6 22. Re3 Nb6 23. Be2 d5 24. cxd5 cxd5 25. Rg3 dxe4 26. Nxe4 Bxe4 27. dxe4 Rd4
28. Rd1 Rxd1+ 29. Bxd1 Rd7 30. Be2 Rd4 31. Re3 c4 32. bxc4 Nxc4 33. Rc3 0-1

[Event "Amager Aabne Klubmesterskab 2014"]
[Site "Sundbyoster"]
[Date "2014.04.08"]
[Round "7"]
[White "Nielsen, Jan Mose"]
[Black "Gram, Mathias Laerkegaard"]
[Result "1-0"]
[WhiteElo "2059"]
[BlackElo "1501"]
[PlyCount "33"]
[EventDate "2014.??.??"]

1. d4 d5 2. Bf4 Nf6 3. Nc3 Nc6 4. Nb5 e5 5. Bxe5 Nxe5 6. dxe5 Nd7 7. Qxd5 a6 8.
Nd4 c6 9. Qb3 Nxe5 10. O-O-O Qc7 11. f4 Ng4 12. h3 Qxf4+ 13. e3 Qh6 14. hxg4
Qxh1 15. Bc4 Be6 16. Nxe6 fxe6 17. Qxb7 1-0

[Event "Amager Aabne Klubmesterskab 2014"]
[Site "Sundbyoster"]
[Date "2014.04.08"]
[Round "7"]
[White "Petersen, Christian Skibsted"]
[Black "Furberg, Jacob Kjaerulff"]
[Result "1/2-1/2"]
[WhiteElo "1522"]
[BlackElo "1200"]
[PlyCount "118"]
[EventDate "2014.??.??"]

1. e4 c5 2. Nf3 d6 3. d4 cxd4 4. Nxd4 Nf6 5. Nc3 Nc6 6. Be3 a6 7. a3 Nxd4 8.
Qxd4 g6 9. Bc4 Bg7 10. Qd2 Ng4 11. Bg5 O-O 12. f3 b5 13. Bb3 Ne5 14. Bh6 Nc4
15. Bxc4 bxc4 16. Bxg7 Kxg7 17. Qd4+ e5 18. Qxc4 Be6 19. Nd5 Rc8 20. Qd3 Bxd5
21. exd5 Qb6 22. b3 Rc5 23. g3 Rfc8 24. c4 a5 25. Ke2 a4 26. Rhb1 axb3 27. Rxb3
Qa6 28. Rc1 Rxc4 29. Rxc4 Qxc4 30. Qxc4 Rxc4 31. Rb6 Rc2+ 32. Ke3 Rxh2 33. Rxd6
Rh3 34. g4 h5 35. gxh5 gxh5 36. Kf2 h4 37. Rc6 Kf8 38. Rc7 Ke8 39. d6 Rh2+ 40.
Kg1 Rd2 41. Re7+ Kf8 42. Rxe5 Rxd6 43. Kg2 Rh6 44. Kh3 Rf6 45. Kg4 Rh6 46. Re2
Kg7 47. Ra2 f5+ 48. Kh3 Kg6 49. f4 Kh5 50. a4 Rd6 51. a5 Rd3+ 52. Kh2 Kg4 53.
a6 Rd8 54. a7 Ra8 55. Ra4 h3 56. Ra5 Kxf4 57. Kxh3 Ke4 58. Kg2 f4 59. Kf2 f3
1/2-1/2

[Event "Amager Aabne Klubmesterskab 2014"]
[Site "Sundbyoster"]
[Date "2014.04.08"]
[Round "7"]
[White "Stanislaus, Johann"]
[Black "Sdun, Martin Ulrik"]
[Result "0-1"]
[WhiteElo "1651"]
[BlackElo "1200"]
[PlyCount "48"]
[EventDate "2014.??.??"]

1. e4 c6 2. b3 d5 3. exd5 cxd5 4. Bb2 Nc6 5. g3 e5 6. Bg2 Bf5 7. Ne2 Nf6 8. d3
Qb6 9. Nbc3 Bb4 10. O-O O-O 11. Nxd5 Nxd5 12. Bxd5 Bh3 13. Bg2 Bxg2 14. Kxg2
Rfe8 15. Nc3 Nd4 16. a3 Bxc3 17. Bxc3 Qc6+ 18. f3 Qxc3 19. Rf2 Rac8 20. Qf1
Nxc2 21. Rxc2 Qxc2+ 22. Kh3 Qxb3 23. Rb1 Qe6+ 24. g4 Qh6+ 0-1